000 00603nam a2200181Ia 4500
003 GCL
008 140319s9999 xx 000 0 ara d
040 _aGCL /
_cGCL
082 0 4 _a366.1
_bص م
100 1 _aصابر طعيمة
245 1 0 _aالماسونية ذلك العالم المجهول دراسة فى الاسرار التنظيمية لليهودية العالمية /
_cصابر طعيمة
260 _a[S.N] :
_bدار الجيل
300 _a272 ص
490 _a
650 0 4 _aالجمعيات السرية
650 0 4 _aالماسونية واليهودية
942 _2ddc
_cBK
999 _c50324
_d50324